Development of small scale industries / (Record no. 66707)

MARC details
000 -LEADER
fixed length control field 00584nam a22001577a 4500
005 - DATE AND TIME OF LATEST TRANSACTION
control field 2012051609319.0
020 ## - INTERNATIONAL STANDARD BOOK NUMBER
International Standard Book Number 8171414427
Terms of availability 00
035 ## - SYSTEM CONTROL NUMBER
System control number A-993363
037 ## - SOURCE OF ACQUISITION
Stock number DPL
Source of stock number/acquisition ENG
100 ## - MAIN ENTRY--PERSONAL NAME
Personal name Narasaiah, M. Lakshmi
245 ## - TITLE STATEMENT
Title Development of small scale industries /
Statement of responsibility, etc by M. Lakshmi Narasaiah
260 ## - PUBLICATION, DISTRIBUTION, ETC. (IMPRINT)
Place of publication, distribution, etc New Delhi
Name of publisher, distributor, etc Discovery Publishing House
Date of publication, distribution, etc 1999
300 ## - PHYSICAL DESCRIPTION
Extent 173p.
Dimensions 20 cms.
942 ## - ADDED ENTRY ELEMENTS (KOHA)
Source of classification or shelving scheme Dewey Decimal Classification
Item type English Books
Classification part 338.642
Call number suffix LAK
Holdings
Withdrawn status Lost status Not for loan Collection code Home library Current library Date acquired Cost, normal purchase price Full call number Barcode Cost, replacement price Koha item type
      Non-fiction Sarojini Nagar Sarojini Nagar 16/05/2012 0.00 338.642 LAK A-993363 0.00 English Books

© Delhi Public Library
Hit Counter
free hit counter